00765nam a2200241 a 450000100060000000300080000600500170001400800410003103500190007204000380009104100080012908200250013710000350016224500690019724600290026626000460029530000190034150000180036050500810037865000200045965000160047965000280049545572BD-RjUL20211209054032.0160727s1922 enk 001 0 eng d a(BD-RjUL)45690 aNUNbengcNUNdXNTUdANLdBD-RjUL aeng 223a340.52bVIO 19221 aVinogradoff, Paul,d1854-1925.10aOutlines of historical jurisprudence /cby Sir Paul Vinogradoff.34aHistorical jurisprudence aLondon :bOxford University Press,c1922. a2 v. ;c25 cm. aInclude index0 av. 1. Introduction. Tribal law -- v. 2. The jurisprudence of the Greek city. 0aLaw, Primitive. 0aLaw, Greek. 0aJurisprudencexHistory.